|
|
|
|
| LEADER |
04895nam a2200577 4500 |
| 001 |
978-3-030-15758-6 |
| 003 |
DE-He213 |
| 005 |
20191024072147.0 |
| 007 |
cr nn 008mamaa |
| 008 |
190814s2019 gw | s |||| 0|eng d |
| 020 |
|
|
|a 9783030157586
|9 978-3-030-15758-6
|
| 024 |
7 |
|
|a 10.1007/978-3-030-15758-6
|2 doi
|
| 040 |
|
|
|d GrThAP
|
| 050 |
|
4 |
|a LB2300-2799.3
|
| 072 |
|
7 |
|a JNM
|2 bicssc
|
| 072 |
|
7 |
|a EDU015000
|2 bisacsh
|
| 072 |
|
7 |
|a JNM
|2 thema
|
| 082 |
0 |
4 |
|a 378
|2 23
|
| 245 |
1 |
0 |
|a Intercultural Studies in Higher Education
|h [electronic resource] :
|b Policy and Practice /
|c edited by Ana Maria de Albuquerque Moreira, Jean-Jacques Paul, Nigel Bagnall.
|
| 250 |
|
|
|a 1st ed. 2019.
|
| 264 |
|
1 |
|a Cham :
|b Springer International Publishing :
|b Imprint: Palgrave Macmillan,
|c 2019.
|
| 300 |
|
|
|a XXI, 347 p. 13 illus., 7 illus. in color.
|b online resource.
|
| 336 |
|
|
|a text
|b txt
|2 rdacontent
|
| 337 |
|
|
|a computer
|b c
|2 rdamedia
|
| 338 |
|
|
|a online resource
|b cr
|2 rdacarrier
|
| 347 |
|
|
|a text file
|b PDF
|2 rda
|
| 490 |
1 |
|
|a Intercultural Studies in Education
|
| 505 |
0 |
|
|a Chapter 1. The contribution of comparative studies and cross-cultural approach to understand higher education in the contemporary world; Ana Maria de Albuquerque Moreira, Jean-Jacques Paul, Nigel Bagnall -- Chapter 2. Brazil, Russia and Turkey: How new democracies deal with international models of higher education; Maria Ligia Barbosa, Elisaveta Bydanova and Jean-Jacques Paul -- Chapter 3. Interaction system of global education and the national system of education: the social tension zone; Svetlana Sharonova, Natalia Erokhova, Maria Angélica Oliva and Márcia Lopes Reis -- Chapter 4. Internationalisation: A global phenomenon with regional differences. Perspectives of young universities in Austria, Chile and Peru; Ligia Pasqualin, Christian Friedl, Ulrike Pölzl-Hobusch and Rupert Beinhauer -- Chapter 5. An international comparative perspective on higher education institutions' governance and management: Portugal, Finland and Brazil; Sara Diogo, Milka Barbosa and Teresa Carvalho -- Chapter 6. Access to higher education in Portugal, Brazil and Mexico: tensions and challenges for a democratization with quality; João Ferreira de Oliveira, Belmiro Gil Cabrito, Armando Alcântara Santuário -- Chapter 7. Predictors of vulnerability in Latin American higher education; Joaquín Gairín, Diego Castro and Aleix Barrera-Corominas -- Chapter 8. Higher Education expansion in the Portuguese-speaking countries: the case of Angola, Cape Vert and Portugal; Luisa Cerdeira, Belmiro Cabrito, Tomás Patrocinio, Lourdes Machado-Taylor, Rui Brites, Arnaldo Brito, Neusa Barbosa Vicente, Ndilu Mankenda Nkula, Alfredo Buza -- Chapter 9. Globally transformative student experiences: Challenges and opportunities in learning and teaching in the transnational business education program; Nattavud Pimpa, Margaret Heffernen, Jason Downs -- Chapter 10. Higher education assessment in Brazil, the United States of America and the Netherlands: enhancing of quality or regulation instrument?; Catarina de Almeida Santos, Danielle Xabregas Pamplona Nogueira, Girlene Ribeiro de Jesus -- Chapter 11. A comparative study of the federal higher education student financial aid systems in Brazil, Australia and the UK; Paulo Meyer Nascimento, Manoela Vilela Araújo Resende -- Chapter 12. Higher educated women's labor market outcome indicators: A comparative analysis of six Muslim countries.
|
| 520 |
|
|
|a .
|
| 650 |
|
0 |
|a Higher education.
|
| 650 |
|
0 |
|a International education .
|
| 650 |
|
0 |
|a Comparative education.
|
| 650 |
|
0 |
|a Educational policy.
|
| 650 |
|
0 |
|a Education and state.
|
| 650 |
|
0 |
|a Intercultural communication.
|
| 650 |
1 |
4 |
|a Higher Education.
|0 http://scigraph.springernature.com/things/product-market-codes/O36000
|
| 650 |
2 |
4 |
|a International and Comparative Education.
|0 http://scigraph.springernature.com/things/product-market-codes/O13000
|
| 650 |
2 |
4 |
|a Educational Policy and Politics.
|0 http://scigraph.springernature.com/things/product-market-codes/O19000
|
| 650 |
2 |
4 |
|a Intercultural Communication.
|0 http://scigraph.springernature.com/things/product-market-codes/N68000
|
| 700 |
1 |
|
|a de Albuquerque Moreira, Ana Maria.
|e editor.
|4 edt
|4 http://id.loc.gov/vocabulary/relators/edt
|
| 700 |
1 |
|
|a Paul, Jean-Jacques.
|e editor.
|4 edt
|4 http://id.loc.gov/vocabulary/relators/edt
|
| 700 |
1 |
|
|a Bagnall, Nigel.
|e editor.
|4 edt
|4 http://id.loc.gov/vocabulary/relators/edt
|
| 710 |
2 |
|
|a SpringerLink (Online service)
|
| 773 |
0 |
|
|t Springer eBooks
|
| 776 |
0 |
8 |
|i Printed edition:
|z 9783030157579
|
| 776 |
0 |
8 |
|i Printed edition:
|z 9783030157593
|
| 776 |
0 |
8 |
|i Printed edition:
|z 9783030157609
|
| 830 |
|
0 |
|a Intercultural Studies in Education
|
| 856 |
4 |
0 |
|u https://doi.org/10.1007/978-3-030-15758-6
|z Full Text via HEAL-Link
|
| 912 |
|
|
|a ZDB-2-EDA
|
| 950 |
|
|
|a Education (Springer-41171)
|